000 00544nam a2200181Ia 4500
999 _c13698
_d13698
003 OSt
005 20201020132011.0
008 190216s9999||||xx |||||||||||||| ||und||
020 _a9788185392349
040 _coclc
082 _a808.1
_bRIC/P
100 _aRichards, I A
_95320
245 0 _aPractical Criticism A Study Of Literary Judgement /
_cI A Richards
260 _bUniversal Book stall ,
_c1992.
_aNewdelhi:
300 _a370p
650 _aEnglish Literature
942 _cBK
_2ddc
_h808.1
_iRIC/P
_k808.1
_mRIC/P